000 00369 a2200157 4500
001 74760
020 _a978850615764-6
040 _cAnchieta - Colégio São Paulo
100 _aGewandsznajder, Fernando
240 1 0 _aCiências 6º ano
_lpor
245 1 0 _aCiências 6º ano
300 _a256
362 0 _a2012
650 4 _aCiência da vida - Biologia
942 _cBK
999 _c74760
_d74760